000 01572nam a22002657a 4500
999 _c62089
_d62089
003 Ge_BSU
005 20240708105321.0
008 240708s2018 ge ||||| |||| 00| 0 geo d
020 _a9789941275616
041 _ageo
080 _a657.15:658.14/17 ჭ-46
100 _aჭილაძე, იზოლდა.
_913244
245 _aფინანსური ანალიზი = Financial analysis :
_b (ფინანსური ანგარიშების ანალიზი) : სახელმძღვანელო /
_cიზოლდა ჭილაძე ; რედ. ნანა სრესელი.
250 _aმე-3 გადამუშავებული გამოცემა.
264 _aთბილისი,
_c 2018.
300 _a394 გვ. :
_bცხრ. ;
_c29 სმ.
500 _aეძღვნება პროფესორ ფარნაოზ მენთეშაშვილის დაბადებიდან 100 წლის იუბილეს.
504 _aბიბლიოგრ.: გვ. 393.
653 _aსაწარმოს ფინანსური ანალიზი.
653 _aბუღალტერია
653 _aFinancial analysis : (Analysis of financial statements) : Textbook
700 _a სრესელი, ნანა
_e რედაქტორი
_922746
856 _uhttps://dspace.nplg.gov.ge/bitstream/1234/300915/1/Finansuri_Analizi.pdf
_yელექტრონული ვერსია
942 _2udc
_cᲬᲘᲒᲜᲘ